| 000 | 00689nam a2200289Ia 4500 | ||
|---|---|---|---|
| 005 | 20260324121920.0 | ||
| 008 | 008 260324s9999 xx 000 0 eng d | ||
| 020 | _a9781315609379 | ||
| 037 | _aEBOOK | ||
| 040 | _aCRL | ||
| 040 | _beng | ||
| 040 | _cCRL | ||
| 041 | _2eng | ||
| 041 | _aeng | ||
| 084 | _qCRL | ||
| 100 |
_aAndy Lake _91148820 |
||
| 245 | 0 | _aSmart Flexibility | |
| 245 | 0 | _bMoving Smart and Flexible Working from Theory to Practice | |
| 260 | _bTaylor and Francis | ||
| 260 | _c2013 | ||
| 365 | _a | ||
| 365 | _b230 | ||
| 856 | _uhttp://www.taylorfrancis.com/books/9781315609379 | ||
| 942 | _cEBOOK | ||
| 999 |
_c1756769 _d1756769 |
||